000 00877nam a2200217Ia 4500
001 17486
003 GE_BSU
008 181216s||||||||xx |||||||||||||| ||und||
040 _cGE_BSU
080 _a621.01(035.5)
100 _aАльшиц,И.Я. Бабкин,С.И. Балакшин,Б.С. и др.
245 _aСправочник машиностроителя. В шести томах. Том IV. книга I.
245 _cРед. совет: Н.С.Ачеркан, М.П.Вукалович, В.Н.Кудрявцев и др. Под ред. Н.С.Ачеркана. Ред. С.А.Чернявский.
250 _aИзд. третье, исправ. и дополн.
260 _aМ.
260 _bМашгиз.
260 _c1962.
300 _a448 стр. с илл. 23 см.
653 _aСправочник машиностроителя.
942 _cBK
999 _c50537
_d50537